| 000 | 00467nam a22001697a 4500 | ||
|---|---|---|---|
| 999 |
_c525880 _d525880 |
||
| 003 | NUST | ||
| 020 | _qH/B | ||
| 038 | _awaseem | ||
| 082 |
_a891.4911 _bASI |
||
| 100 |
_aAsi, Muhammad Abdullah _916828 |
||
| 245 |
_aTasian Sadran / _cMuhammad Abdullah Asi |
||
| 260 |
_aLahore : _bGulshan Adb Publications, _c2003. |
||
| 300 | _a128 p. ; | ||
| 880 |
_6100-01\r _aمحمد عبداللہ عاصی |
||
| 880 |
_6245-02\r _aتسیاں سدھراں / |
||
| 942 |
_2ddc _cBK |
||